Ebla : ecos de un imperio desconocido /

El presente artículo busca dar a conocer la existencia de una antigua ciudad que llegó a convertirse en la capital de un poderoso imperio a mediados del III milenio a. C. cabe señalar que, hasta hace muy poco, se consideraba que las únicas civilizaciones de la época se restringían al Imperio Antiguo...

Descripción completa

Detalles Bibliográficos
Autor principal: Toro, Benjamín
Formato: Analitica de revista
Lenguaje:español
Publicado: Santiago, Chile Universidad Católica Silva Henriquez 2004

MARC

LEADER 00000cab a2200000 a 4500
001 025959
003 UAHC_CL
005 20180807172710.0
008 040429b2004 cl j 000 1 spa
952 |0 0  |1 0  |4 0  |6 BOL___HIST__GEOGR_18_04_000000000000000  |7 0  |8 General  |9 52728  |a BC  |b BC  |c General  |d 2017-08-03  |l 0  |o BOL. HIST. GEOGR.-18/04  |p FICTICIO714  |r 2019-01-08 00:00:00  |t 1  |w 2017-08-03  |y REVA 
999 |c 25959  |d 25959 
040 |a UAHC_CL  |c UAHC_CL  |d UAHC_CL 
100 1 |a Toro, Benjamín 
245 1 0 |a Ebla :  |b ecos de un imperio desconocido /  |c Benjamín Toro. 
260 |b Universidad Católica Silva Henriquez  |a Santiago, Chile  |c 2004 
300 |a pp. 203-217 
500 |a En: BOLETêN DE HISTORIA Y GEOGRAFêA, n¼. 18, 2004. pp.203-217. ISSN: 07168985 
520 |a El presente artículo busca dar a conocer la existencia de una antigua ciudad que llegó a convertirse en la capital de un poderoso imperio a mediados del III milenio a. C. cabe señalar que, hasta hace muy poco, se consideraba que las únicas civilizaciones de la época se restringían al Imperio Antiguo egipcio, la Mesopotamia, unificada en torno a la figura de Sargón de Akkad, y las ciudades del valle del Indo, Mohenjo-daro y Harappa. La antigua Siria, Considerada hasta entonces como una zona pobre y atravesada constantemente sólo por nómades, resultó ser una civilización original y autónoma, que irradió su cultura desde el Mediterráneo hasta la Anatolia y Persia. 
773 0 |t Boletín de historia y geografía.  |w 025934 
900 |a BOL. HIST. GEOGR.-18/04 
942 |c REVA  |2 ddc